000 00344pab a2200157 454500
008 180718b2010 xxu||||| |||| 00| 0 eng d
100 _aSahu, Dinesh
245 _aEducation: a casualty in Bastar
260 _c2010
300 _ap.34-35.
362 _aSep
650 _aEducation
773 _aKurukshetra
908 _aN
909 _a87730
999 _c87730
_d87730